[Event "Monarch Assurance"]
[Site "Port Erin IOM"]
[Date "2004.09.29"]
[Round "5"]
[White "Groffen,H"]
[Black "Milligan,H"]
[Result "1/2-1/2"]
[WhiteElo "2244"]
[BlackElo "2077"]

1.d4 Nf6 2.Bg5 c5 3.Bxf6 gxf6 4.d5 Qb6 5.Qc1 f5 6.c4 Bg7 7.Nc3 e6 8.dxe6 fxe6
9.e3 d6 10.Qd2 Bd7 11.Nge2 Na6 12.Nf4 O-O-O 13.Be2 Rhg8 14.Bf3 Bh6 15.O-O-O Bxf4
16.exf4 Bc6 17.Qe3 Nc7 18.Bxc6 Qxc6 19.Nb5 Nxb5 20.Qxe6+ Qd7 21.Qxd7+ Rxd7
22.cxb5 Rxg2 23.Rd5 Rf7 24.Rxd6 Rxf2 25.a4 Rxf4 26.a5 Ra4 27.Kc2 Rxa5 28.b6 axb6
29.Rxb6 Kc7 30.Re6 Ra4 31.Rhe1 Re4 32.R1xe4 fxe4 33.h4 b5 34.h5 Kd7 35.Rxe4 Rf5
36.Rh4 h6 37.Rh3 Ke6 38.Rb3 c4 39.Rh3 Kf6 40.Kc3 Kg5 41.Kb4 Kg4 42.Rh2 Kg3
43.Rh1 Kg2 44.Rh4 Kg3 45.Rh1 Rf2 46.Kxb5 Rxb2+ 47.Kxc4 Kg4 48.Kd4 Rb5  1/2-1/2

[Event "Premier League"]
[Site "Belgrade SCG"]
[Date "2004.09.30"]
[Round "6"]
[White "Drazic,S"]
[Black "Govedarica,R"]
[Result "1-0"]
[WhiteElo "2461"]
[BlackElo "2440"]

1.d4 Nf6 2.Bg5 d5 3.e3 Nbd7 4.c4 e6 5.Nc3 Be7 6.Nf3 O-O 7.Rc1 dxc4 8.Bxc4 c5
9.O-O cxd4 10.Nxd4 a6 11.Qe2 h6 12.Bh4 Ne5 13.Rfd1 Qe8 14.Bb3 Bd7 15.f4 Ng6
16.Bg3 Bc5 17.Kh1 Rd8 18.h3 Qe7 19.a3 Rfe8 20.Rd2 Bxd4 21.Rxd4 Bc6 22.Rcd1 Rxd4
23.Rxd4 Qc5 24.Qd2 Qf5 25.Kh2 Ne4 26.Nxe4 Bxe4 27.Bd1 Bc6 28.Bc2 Qf6 29.b4 h5
30.Kg1 Qe7 31.Qd3 h4 32.Bf2 f5 33.Bb3 Kh7 34.Qd1 Kh6 35.a4 Qf6 36.Qe2 e5
37.Bd1 Kh7 38.Qh5+ Kg8 39.Bb3+ Kf8 40.fxe5 Nxe5 41.Bxh4  1-0

[Event "Monarch Assurance"]
[Site "Port Erin IOM"]
[Date "2004.10.01"]
[Round "7"]
[White "Hutchinson,P"]
[Black "Arakhamia,K"]
[Result "1/2-1/2"]
[WhiteElo "2216"]
[BlackElo "2446"]

1.d4 Nf6 2.Bg5 d5 3.Bxf6 exf6 4.Nc3 c6 5.e3 Bd6 6.Bd3 O-O 7.Nge2 Re8 8.Qd2 f5
9.g3 Qf6 10.h4 Nd7 11.h5 b5 12.a3 Nb6 13.Kf1 Bd7 14.Nf4 a5 15.Nce2 c5 16.c3 c4
17.Bc2 Qe7 18.Kg2 b4 19.axb4 axb4 20.cxb4 Bxb4 21.Nc3 Qd6 22.Rhb1 g5 23.hxg6 hxg6
24.Rxa8 Rxa8 25.Rh1 Bc6 26.Bd1 Nd7 27.Bf3 Nf6 28.Qd1 Qd7 29.Qg1 Bf8 30.Qh2 Bg7
31.Rc1 Qb7 32.Rb1 Ra6 33.Qh1 Rb6 34.Qc1 Kf8 35.Qc2 g5 36.Qxf5 gxf4 37.gxf4 Bd7
38.Qg5 Qc8 39.Kh1 Bf5 40.Rg1 Bg6 41.Kh2 Rxb2 42.Qh4 Qd7 43.Rg5 Qd6 44.Qg3 Ne4
45.Bxe4 Bxe4 46.Qh4 Qh6 47.Rh5 Rxf2+ 48.Kg1 Rg2+ 49.Kf1 Qb6 50.Nxe4 Rc2 51.Nf2 Rc1+
52.Kg2 Qg6+ 53.Rg5 Bf6 54.Rxg6 Bxh4 55.Rg4 Bf6 56.Kf3 Rc2 57.Rg1 Be7 58.Rb1 Rd2
59.Nd1 Rd3 60.Ke2 Rb3 61.Rxb3 cxb3 62.Kd2 Bb4+ 63.Kc1 Ba3+ 64.Kb1 Ke7 65.Nc3 Ke6
66.e4 dxe4 67.Nxe4 Kd5 68.Nd2 b2 69.Nf3 f6 70.f5 Ke4 71.Nd2+ Kxd4 72.Kc2 Bb4
73.Nb3+ Ke4 74.Kxb2 Kxf5 75.Kc2 Ke4 76.Kd1 Kd3 77.Nc1+ Ke3 78.Ne2 f5 79.Ng3 f4
80.Nf5+ Kf2 81.Nd4 Kf1 82.Nf3 Bc3 83.Ng5 Bf6 84.Ne4 Be7 85.Kd2  1/2-1/2

[Event "Monarch Assurance"]
[Site "Port Erin IOM"]
[Date "2004.10.01"]
[Round "7"]
[White "Walton,A"]
[Black "Milligan,H"]
[Result "1-0"]
[WhiteElo "2208"]
[BlackElo "2077"]

1.d4 Nf6 2.Bg5 c5 3.d5 Ne4 4.Bc1 g6 5.f3 Nd6 6.e4 Bg7 7.Nc3 O-O 8.Nh3 b5
9.Be3 Qa5 10.Qd2 b4 11.Nd1 Ba6 12.Bh6 Bxf1 13.Bxg7 Kxg7 14.Kxf1 Qb5+ 15.Kf2 Na6
16.Ne3 f6 17.g4 c4 18.Kg2 Rac8 19.Qf2 c3 20.b3 Nc5 21.Rhe1 Qb8 22.Nf1 Nf7
23.f4 Kg8 24.Ng3 Qb6 25.a3 a5 26.Qd4 Nd6 27.axb4 axb4 28.e5 Nb5 29.Qxb4 Qb7
30.Rad1 e6 31.Ne4 Nxe4 32.Qxe4 f5 33.gxf5 Rxf5 34.dxe6 Qxe4+ 35.Rxe4 dxe6
36.Ng5 Na3 37.Nxe6 Nxc2 38.Rc1 Na3 39.Nd4 Rf7 40.e6 Re7 41.f5 gxf5 42.Nxf5 Ra7
43.e7  1-0

[Event "Monarch Assurance"]
[Site "Port Erin IOM"]
[Date "2004.10.01"]
[Round "7"]
[White "Grant,A"]
[Black "Armbruster,A"]
[Result "0-1"]
[WhiteElo "2193"]
[BlackElo "2351"]

1.d4 Nf6 2.Bg5 c5 3.Bxf6 gxf6 4.d5 Qb6 5.Qc1 f5 6.c4 Bg7 7.Nc3 Qg6 8.e3 d6
9.Nh3 Nd7 10.Nf4 Qh6 11.Bd3 Ne5 12.Qc2 Ng6 13.g3 Nxf4 14.gxf4 Qf6 15.Rg1 Bd7
16.Rg3 O-O-O 17.O-O-O Rhe8 18.Bf1 Bh8 19.Qb3 b6 20.a4 Kb7 21.Kc2 Qh4 22.h3 Rg8
23.Ne2 a5 24.Ra1 Rg6 25.Bg2 Rdg8 26.Rg1 Qf6 27.Ra1 h5 28.Ra2 Rxg3 29.fxg3 h4
30.Kd2 Qh6 31.Qd3 hxg3 32.b3 Rg6 33.Ke1 Bf6 34.Kf1 Qh8 35.Qd1 Kc7 36.Ng1 Rh6
37.Qf3 Bh4 38.Ne2 Rg6 39.Kg1 Bc8 40.Qf1 Bb7 41.Qa1 Bf6 42.Qe1 e6 43.Rc2 exd5
44.cxd5 Ba6 45.Nc3 Bd3 46.Nb5+ Kd7 47.Ra2 Qe8 48.Qc1 Be4 49.Na3 Bxg2 50.Rxg2 Qh8
51.Qc4 Qxh3 52.Qa6 Rh6 53.Qb7+ Ke8  0-1

[Event "Monarch Assurance"]
[Site "Port Erin IOM"]
[Date "2004.10.02"]
[Round "8"]
[White "Walton,A"]
[Black "Howell,D"]
[Result "0-1"]
[WhiteElo "2208"]
[BlackElo "2334"]

1.d4 Nf6 2.Bg5 d5 3.Bxf6 exf6 4.e3 Bd6 5.c4 dxc4 6.Bxc4 O-O 7.Nc3 Nd7 8.Qc2 Nb6
9.Bd3 g6 10.h4 Kg7 11.Nge2 Qe7 12.O-O-O c6 13.e4 h5 14.f4 Bg4 15.Rdf1 c5
16.dxc5 Bxc5 17.Kb1 Rac8 18.f5 Qe5 19.Qb3 Rfd8 20.Nf4 gxf5 21.Bc2 Bd4 22.Nfd5 Nxd5
23.Nxd5 fxe4 24.Nxf6 Be6 25.Qg3+ Qxg3 26.Nxh5+ Kf8 27.Nxg3 Bxa2+ 28.Kxa2 Rxc2
29.Rb1 e3 30.h5 e2 31.h6 Bxb2 32.Kb3 Rc3+ 33.Kxb2 Rxg3 34.h7 Kg7 35.Kc2 Rxg2  0-1

[Event "YM"]
[Site "Winterthur SUI"]
[Date "2004.10.02"]
[Round "2"]
[White "Papa,S"]
[Black "Zozulia,A"]
[Result "1/2-1/2"]
[WhiteElo "2411"]
[BlackElo "2412"]

1.d4 Nf6 2.Bg5 c5 3.Bxf6 gxf6 4.d5 Qb6 5.Qc1 f5 6.g3 Qh6 7.e3 Bg7 8.Bg2 O-O
9.Ne2 d6 10.a4 Nd7 11.Nd2 b6 12.Nf4 Ba6 13.c4 Ne5 14.Qc2 Rad8 15.O-O Ng6
16.Nd3 Ne5 17.Ra2 Ng4 18.h3 Nf6 19.b4 Bc8 20.a5 Ne4 21.axb6 axb6 22.Ra7 Nxd2
23.Qxd2 Qf6 24.bxc5 bxc5 25.Rb1 Rd7 26.Ra8 Qc3 27.Qxc3 Bxc3 28.Rbb8 Rc7 29.Nc1 Bg7
30.Nb3 Bd7 31.Na5 Rxb8 32.Rxb8+ Bf8 33.Nc6  1/2-1/2

[Event "FSGM October"]
[Site "Budapest HUN"]
[Date "2004.10.07"]
[Round "6"]
[White "Hoang Thanh Trang"]
[Black "Szeberenyi,A"]
[Result "1/2-1/2"]
[WhiteElo "2455"]
[BlackElo "2422"]

1.d4 Nf6 2.Bg5 d5 3.Bxf6 gxf6 4.c4 dxc4 5.e3 Be6 6.Ne2 c5 7.Nbc3 Qa5 8.Nf4 cxd4
9.exd4 Bd7 10.Bxc4 Qc7 11.Qb3 Qxf4 12.Qxb7 Bh6 13.O-O O-O 14.Bd5 e6 15.Bf3 Bc6
16.Bxc6 Nxc6 17.Qxc6 Qxd4 18.Rfd1 Qb6 19.Qxb6 axb6 20.g3 f5 21.Rd6 Rfb8 22.a4 Bg7
23.Rc6 Bd4 24.Ra2 Rc8 25.Rxc8+ Rxc8 26.Ne2 Bc5 27.a5 bxa5 28.Rxa5 Be7 29.Rb5 Rd8
30.Nf4 Bf6 31.Kf1 Bd4 32.Ke2 Rc8 33.Nd3 e5 34.Rd5 Kg7 35.Nxe5 Bxb2 36.Nd3 Bf6
37.Rxf5 Rc2+ 38.Kf3 Bd4 39.Rg5+ Kf8 40.Rd5 Bb6 41.Rf5 Rd2 42.Ke4 Re2+ 43.Kd5 Rd2
44.Kc4 Rc2+ 45.Kb3 Re2 46.Kc3 Kg7 47.g4 Ra2 48.h3 f6 49.f3 Rh2 50.Nf4 Kg8
51.Kd3 Bc7 52.Nd5 Bd8 53.Rh5 Kg7 54.Nf4 Be7 55.Rb5 Bd6 56.Nh5+ Kg6 57.Rb6 Be5
58.Ke4 Rxh3 59.Rxf6+ Bxf6 60.Nf4+ Kg5 61.Nxh3+ Kh4 62.Nf4 Kg5 63.Ne6+ Kg6
64.Nf8+ Kg7 65.Nd7 Bb2 66.Kf5 h6 67.Ne5 Bc1 68.Nd3 Bd2 69.f4 Kf7 70.Ne5+ Kg7
71.Nc4 Bc1 72.Ke5 h5 73.g5 h4 74.Nd6 h3 75.Nf5+ Kg6 76.Ng3 h2 77.Ke4 Bd2
78.Nh1 Be1 79.Kf3 Kf5 80.Ke2 Kxf4  1/2-1/2

[Event "FSGM October"]
[Site "Budapest HUN"]
[Date "2004.10.09"]
[Round "8"]
[White "Hoang Thanh Trang"]
[Black "Nyysti,S"]
[Result "1/2-1/2"]
[WhiteElo "2455"]
[BlackElo "2358"]

1.d4 Nf6 2.Bg5 d5 3.Bxf6 gxf6 4.c4 dxc4 5.e3 c5 6.Bxc4 cxd4 7.exd4 Bg7 8.Qh5 O-O
9.Ne2 Nc6 10.Nbc3 Qa5 11.Qxa5 Nxa5 12.Bd3 Rd8 13.Rd1 b6 14.d5 f5 15.O-O e6
16.b4 Nb7 17.Bb5 a5 18.Na4 axb4 19.Nxb6 Ra5 20.Bc6 Nc5 21.dxe6 Nxe6 22.Nxc8 Rxc8
23.Bd5 Nd4 24.Nxd4 Rxd5 25.Nb3 Rxd1 26.Rxd1 Ra8 27.Rd2 Bc3 28.Re2 Kg7 29.g3 Kf6
30.Kg2 Rd8 31.Rc2 Ke5 32.Kf3 Kd5 33.Re2 Kc4 34.Kf4 Rd1 35.Kxf5 Re1 36.Rxe1 Bxe1
37.f4 Bc3 38.Ke4 Bg7 39.g4 Kc3 40.Nc5 Bf8 41.Nd3 Be7 42.h3 Bf8 43.h4 h6 44.h5 Bg7
45.Ne5 Kb2 46.Nxf7 Kxa2 47.Nd6 Kb3 48.Kd3 Bf8 49.Ne4 Ka2 50.g5 b3 51.Nd2 b2
52.Kc4 Be7 53.gxh6 Bf6 54.h7 Bh8 55.h6 Bf6 56.f5 Bh8 57.Kb4 Bf6 58.Kc4 Bh8
59.Kc5 Bc3 60.Kd6 Bxd2 61.h8=Q b1=Q 62.Qg8+ Ka3 63.Qa8+ Kb3 64.Qd5+ Kc3 65.h7 Qb8+
66.Ke6 Qe8+ 67.Kf6 Qf8+ 68.Kg6 Qh6+ 69.Kf7 Qxh7+  1/2-1/2

[Event "Tch-FIN 2004-5"]
[Site "Finland FIN"]
[Date "2004.10.09"]
[Round "3"]
[White "Puranen,J"]
[Black "Yrjola,J"]
[Result "1/2-1/2"]
[WhiteElo "2291"]
[BlackElo "2423"]

1.d4 Nf6 2.Bg5 c5 3.Nc3 d5 4.Bxf6 gxf6 5.e4 dxe4 6.dxc5 f5 7.Qxd8+ Kxd8 8.O-O-O+ Bd7
9.Bb5 e6 10.f3 Bg7 11.Nge2 exf3 12.gxf3 Ke7 13.Nd4 Rc8 14.b4 Nc6 15.Bxc6 Bxc6
16.Nxc6+ Rxc6 17.Ne2 b6 18.Nd4 Rcc8 19.Nb3 bxc5 20.bxc5 a5 21.a4 Bc3 22.Rhg1 Bb4
23.Rg7 h6 24.Rh7 Bxc5 25.Rd3 Bd6 26.Kd1 Rc4 27.Rxh6 Be5 28.Rh7 Rxa4 29.Re3 Bf4
30.Rxe6+ Kxe6 31.Nc5+ Kf6 32.Nxa4 Rd8+ 33.Ke1 Rd4 34.Nc5 a4 35.Rh8 Rc4 36.Nd3 Bd6
37.Ra8 a3 38.Kd2 Rh4 39.Ra6 Ke7 40.Ke3 Rxh2 41.c4 f4+ 42.Kd4 Rh3 43.c5 Bxc5+
44.Nxc5 Rxf3 45.Nd3 f5 46.Rxa3  1/2-1/2

[Event "Tch-FIN 2004-5"]
[Site "Finland FIN"]
[Date "2004.10.09"]
[Round "3"]
[White "Salimaki,J"]
[Black "Lehto,V"]
[Result "1/2-1/2"]
[WhiteElo "2214"]
[BlackElo "2201"]

1.d4 Nf6 2.Bg5 d5 3.e3 c5 4.Bxf6 gxf6 5.Nc3 Nc6 6.Qh5 cxd4 7.exd4 e6 8.O-O-O Bd7
9.Nge2 f5 10.g3 Qf6 11.Kb1 Bd6 12.Bg2 O-O 13.Rhg1 Kh8 14.f4 Na5 15.g4 Qg6
16.Qh4 fxg4 17.h3 f5 18.hxg4 Qxg4 19.Qh1 Qg7 20.Bxd5 Qf7 21.Bf3 Rac8 22.Rg3 Rg8
23.Bh5 Qf6 24.Rdg1 Rxg3 25.Rxg3 Rg8 26.Rxg8+ Kxg8 27.d5 Bc5 28.a3 Nc4 29.dxe6 Bc6
30.Bf7+ Kg7 31.Qh3 Bf3 32.Ng3 Nxa3+ 33.bxa3 Qxc3 34.Nh5+ Kf8 35.Qh4 Qa5 36.Nf6 Qb5+
37.Ka2 Qc4+ 38.Kb1 Qf1+ 39.Ka2 Qc4+ 40.Kb1 Qb5+ 41.Ka2  1/2-1/2

[Event "Essent Open"]
[Site "Hoogeveen NED"]
[Date "2004.10.17"]
[Round "3"]
[White "Van Lommel,P"]
[Black "Van Weersel,A"]
[Result "1/2-1/2"]
[WhiteElo "2139"]
[BlackElo "2184"]

1.d4 Nf6 2.Bg5 d5 3.Bxf6 exf6 4.e3 Bd6 5.c4 dxc4 6.Bxc4 O-O 7.Nc3 f5 8.Nf3 Nd7
9.O-O c6 10.Rc1 Nf6 11.d5 b5 12.Bd3 b4 13.Ne2 cxd5 14.Ned4 g6 15.Nc6 Qb6
16.Ncd4 Bd7 17.Qe2 Rac8 18.g3 Ne4 19.Nh4 Be7 20.Nhf3 Bf6 21.Kg2 a5 22.Rfd1 a4
23.Ba6 Rc5 24.Rxc5 Qxc5 25.Qe1 Qb6 26.Qf1 Ra8 27.Bd3 Rc8 28.Rc1 Rc5 29.Rxc5 Qxc5
30.Qd1 Kg7 31.Qc2 Qxc2 32.Bxc2 Nd6 33.Kf1 g5 34.Ke2 g4 35.Ne1 Nb5 36.Kd3 Nxd4
37.exd4 Bb5+ 38.Ke3 Bg5+ 39.f4 gxf3 40.Kxf3 Kf6 41.b3 a3 42.Nd3 Bd2 43.Ke2 Bc3
44.Ke3 Kg5 45.Nf4 Bc6 46.Bd1 Bb2 47.Nd3 Bc3 48.Bf3 Kf6 49.Nf4 Bb2 50.Nxd5+  1/2-1/2

[Event "36th Olympiad"]
[Site "Calvia ESP"]
[Date "2004.10.18"]
[Round "4"]
[White "Khouseinov,R"]
[Black "Rama,L"]
[Result "0-1"]
[WhiteElo "2343"]
[BlackElo "2347"]

1.d4 Nf6 2.Bg5 d5 3.Nd2 c5 4.dxc5 Qa5 5.c3 Qxc5 6.Bxf6 gxf6 7.e4 dxe4 8.Nxe4 Qe5
9.Bd3 Nc6 10.Nf3 Qf4 11.Qd2 Bh6 12.Qxf4 Bxf4 13.Ng3 Bg4 14.Be4 h5 15.Ne2 Bg5
16.Ned4 Bd7 17.Nxc6 bxc6 18.Nd4 Rc8 19.O-O e6 20.c4 f5 21.Bc2 Bf6 22.Rfd1 c5
23.Nb5 Bxb5 24.cxb5 Bxb2 25.Rab1 Bd4 26.Kf1 Ke7 27.Bb3 h4 28.h3 e5 29.Bc4 e4
30.Rb3 Rh6 31.Ra3 Rc7 32.Ra6 Rb6 33.Rb1 Rcb7 34.Rb3 Rd7 35.a4 Rdb7 36.Ke2 Rxa6
37.bxa6 Rxb3 38.Bxb3 f4 39.f3 f5 40.Bc4 Kd6 41.Kd2 Ke5 42.Bg8 Ba1 43.Bh7 c4
44.Kc2 e3 45.Bg8 Kd4 46.Be6 Bc3 47.Kd1 Ba5 48.Bxf5 Kc3 49.Be6 Kb4 50.Kc2 c3
51.Kd1 Ka3  0-1

[Event "36th Olympiad"]
[Site "Calvia ESP"]
[Date "2004.10.18"]
[Round "4"]
[White "Corke,A"]
[Black "Abdul Adhim,M"]
[Result "1-0"]
[WhiteElo "2041"]
[BlackElo "2202"]

1.d4 Nf6 2.Bg5 c5 3.Bxf6 gxf6 4.d5 f5 5.c3 d6 6.e3 Nd7 7.Ne2 Nf6 8.Nf4 Bh6
9.g3 Qb6 10.Qd2 O-O 11.a4 Bd7 12.Na3 Qd8 13.Nc4 b6 14.h3 Kh8 15.Be2 Rg8 16.g4 Bxf4
17.exf4 fxg4 18.hxg4 Bxg4 19.f3 Bf5 20.O-O-O Qd7 21.Ne3 Rg7 22.Bb5 Qc8 23.Rdg1 a6
24.Rxg7 Kxg7 25.Qg2+ Kh8 26.Rg1 Qg8 27.Bc6 Qxg2 28.Rxg2 Bh3 29.Rh2 Rg8 30.Rxh3 Rg1+
31.Kc2 Kg7 32.Bb7 b5 33.Bxa6 bxa4 34.Bd3 Re1 35.Rg3+ Kf8 36.Kd2 Rh1 37.Rg2 Nh5
38.Bxh7 e6 39.Be4 Nxf4 40.Rf2 Ke7 41.dxe6 fxe6 42.Bc2 Nh3 43.Rf1 Rh2+ 44.Kc1 Nf4
45.Nd1 a3 46.bxa3 d5 47.Rf2 Rh1 48.a4 Kd6 49.Kd2 e5 50.Ne3 Nh3 51.Rg2 Nf4
52.Rg8 Rh2+ 53.Kc1 Rh3 54.Nf5+ Kc6 55.Rb8 Rxf3 56.Kb2 Ne2 57.a5 Kc7 58.Rb3 Kc6  1-0

[Event "Essent Open"]
[Site "Hoogeveen NED"]
[Date "2004.10.20"]
[Round "6"]
[White "Vroombout,E"]
[Black "Clemens,A"]
[Result "0-1"]
[WhiteElo "2169"]
[BlackElo "2277"]

1.d4 d5 2.Bg5 Nf6 3.Bxf6 exf6 4.e3 c6 5.Bd3 Bd6 6.Nd2 O-O 7.c3 f5 8.Qc2 g6
9.h4 Nd7 10.h5 Nf6 11.hxg6 hxg6 12.O-O-O Ne4 13.Nh3 Kg7 14.Kb1 Be6 15.Nf3 Qf6
16.Nf4 Rh8 17.Qe2 b5 18.Rdg1 Bd7 19.Qe1 Rae8 20.g3 a6 21.Rg2 Rxh1 22.Qxh1 Rh8
23.Qg1 Kg8 24.Rh2 Qg7 25.Kc2 Rxh2 26.Qxh2 Qh8 27.Qxh8+ Kxh8 28.Bxe4 fxe4
29.Nd2 Bg4 30.b3 g5 31.Ng2 Kg7 32.a4 b4 33.c4 Kg6 34.c5 Bc7 35.Nb1 Kf5 36.Kd2 Bh3
37.Ne1 Bf1 38.Kd1 a5 39.Nd2 Ba6 40.Nc2 g4 41.Ke1 f6  0-1

[Event "36th Olympiad"]
[Site "Calvia ESP"]
[Date "2004.10.22"]
[Round "7"]
[White "Hamdouchi,H"]
[Black "Mikheev,S"]
[Result "1-0"]
[WhiteElo "2575"]
[BlackElo "2352"]

1.d4 Nf6 2.Bg5 d5 3.e3 g6 4.Bxf6 exf6 5.c4 dxc4 6.Bxc4 Bd6 7.Nf3 O-O 8.O-O c5
9.Nc3 cxd4 10.exd4 Nc6 11.h3 Bf5 12.a3 Rc8 13.Ba2 Bb8 14.Re1 Kg7 15.Qd2 Qd7
16.Nd5 Rfe8 17.Ne3 Be4 18.Ng4 Qd6 19.Qh6+ Kh8 20.Nxf6 Qxf6 21.Ng5 Qg7 22.Nxf7+ Kg8
23.Nd6+ Kh8 24.Qxg7+ Kxg7 25.Nxe8+ Rxe8 26.f3  1-0

[Event "Essent Open"]
[Site "Hoogeveen NED"]
[Date "2004.10.22"]
[Round "8"]
[White "Loeffler,S"]
[Black "Romanishin,O"]
[Result "0-1"]
[WhiteElo "2432"]
[BlackElo "2543"]

1.d4 Nf6 2.Bg5 d5 3.e3 Nbd7 4.c4 Ne4 5.Bh4 c6 6.a3 g5 7.Bg3 h5 8.cxd5 h4
9.Be5 Nxe5 10.dxe5 Bg7 11.f3 Nc5 12.Nc3 Bxe5 13.dxc6 Qb6 14.Qc2 bxc6 15.Bc4 Rb8
16.Nd1 Qa5+ 17.Kf2 Bg3+ 18.hxg3 hxg3+ 19.Kxg3 Rxh1 20.Kf2 Nd7 21.Be2 Ba6
22.b4 Qb6 23.Nc3 g4 24.fxg4 Bxe2 25.Ncxe2 c5 26.Qf5 cxb4 27.axb4 Qxb4 28.Rxa7 Nf6
29.Kf3 Qb6 30.Ra5 Qc6+ 31.Kg3 Rb4 32.Nd4 Rxd4 33.exd4 Rxg1 34.Ra2 Ne4+ 35.Kh2 Rh1+
36.Kxh1 Ng3+  0-1

[Event "36th Olympiad"]
[Site "Calvia ESP"]
[Date "2004.10.23"]
[Round "8"]
[White "Cueto,J BOL"]
[Black "Georgiev,Vl"]
[Result "1-0"]
[WhiteElo "2306"]
[BlackElo "2512"]

1.d4 Nf6 2.Bg5 d5 3.Bxf6 gxf6 4.e3 c5 5.c4 cxd4 6.exd4 Nc6 7.Nc3 Be6 8.Nf3 Qd7
9.Be2 Rg8 10.cxd5 Bxd5 11.Nxd5 Qxd5 12.O-O Bh6 13.Qd3 f5 14.Qb5 Rd8 15.Qxd5 Rxd5
16.Bc4 Rd6 17.d5 Na5 18.Bb5+ Kf8 19.Rfd1 Rg4 20.b3 Kg7 21.g3 Kf6 22.Bf1 b6
23.Bg2 Rg8 24.Nd4 e5 25.dxe6 fxe6 26.Nb5 Rxd1+ 27.Rxd1 Rg7 28.Rd8 a6 29.Nd4 Nb7
30.Re8 Nc5 31.b4 Rd7 32.bxc5 Rxd4 33.cxb6 Rb4 34.Rb8 Rb1+ 35.Bf1 Bg7 36.Kg2 Kg6
37.b7 Be5 38.Ra8 Rxb7 39.Rxa6 Kg7 40.Rxe6 Bd4 41.Rd6 Be5 42.Rd5 Kf6 43.a4 Ke6
44.Rb5 Rxb5 45.Bxb5 Bc7 46.f4 Bb6 47.Kf3 h6 48.Ba6 Kf6 49.Bc8 Kg6 50.h3 Kf6
51.Ke2 h5 52.h4 Ba5 53.Bd7 Kg6 54.Be8+ Kh6 55.Ke3 Be1 56.Kf3 Bd2 57.Ke2 Bb4
58.Kd3 Be1 59.Kd4 Bxg3 60.Ke5 Bxh4 61.a5 Bf2 62.Kxf5 Bg1 63.Bb5 Bf2 64.Bf1 Kg7
65.Ke6 h4 66.a6 Bg1 67.Bh3 Bf2 68.Kd7 Kf6 69.Kc6 Ke7 70.Kb7 Kd6 71.a7 Bxa7
72.Kxa7 Kc7 73.Ka8  1-0

[Event "XI Bela Papp Mem"]
[Site "Torokbalint HUN"]
[Date "2004.10.23"]
[Round "8"]
[White "Galyas,M"]
[Black "Szeberenyi,A"]
[Result "1-0"]
[WhiteElo "2438"]
[BlackElo "2366"]

1.d4 Nf6 2.Bg5 d5 3.e3 Ne4 4.Bf4 c5 5.Bd3 cxd4 6.exd4 Bf5 7.Ne2 Nc6 8.Nd2 e6
9.Bxe4 Bxe4 10.Nxe4 dxe4 11.c3 Bd6 12.O-O O-O 13.Qc2 Bxf4 14.Nxf4 Qb6 15.Rab1 Qa5
16.Qxe4 Qxa2 17.Nh5 Qd5 18.Qg4  1-0

[Event "36th Olympiad"]
[Site "Calvia ESP"]
[Date "2004.10.24"]
[Round "9"]
[White "Khouseinov,R"]
[Black "Patriarca,L"]
[Result "0-1"]
[WhiteElo "2343"]
[BlackElo "2259"]

1.d4 Nf6 2.Bg5 c5 3.d5 Qb6 4.Nc3 Qxb2 5.Bd2 Qb6 6.e4 d6 7.Rb1 Qd8 8.f4 e6
9.Bb5+ Bd7 10.dxe6 fxe6 11.Bc4 Nc6 12.Rxb7 Rb8 13.Rxb8 Qxb8 14.Nf3 Na5 15.Be2 Nc6
16.O-O Be7 17.Bc4 Na5 18.Bd3 c4 19.Be2 Qb6+ 20.Kh1 O-O 21.e5 Ne8 22.exd6 Nxd6
23.Ne5 Bc8 24.Qc1 Qc7 25.a4 a6 26.Nd1 Bb7 27.Bg4 Nf5 28.Qb2 Rb8 29.Qc3 Bb4
30.Qh3 Bxd2 31.Bxf5 exf5 32.Qxf5 Qe7 33.Qg4 Rf8 34.Nb2 Qxe5  0-1

[Event "36th Olympiad"]
[Site "Calvia ESP"]
[Date "2004.10.25"]
[Round "10"]
[White "Wijesurija,GL"]
[Black "Yee,F"]
[Result "0-1"]
[WhiteElo "2124"]
[BlackElo "2101"]

1.d4 Nf6 2.Bg5 d5 3.Nf3 e6 4.e3 Be7 5.Nbd2 Nbd7 6.Bd3 O-O 7.c3 c5 8.O-O b6
9.Ne5 Bb7 10.Qa4 c4 11.Bb1 Nxe5 12.dxe5 Nd7 13.Qc2 g6 14.Bxe7 Qxe7 15.f4 f6
16.exf6 Rxf6 17.Qd1 Raf8 18.Qg4 e5 19.f5 e4 20.fxg6 Rxg6 21.Rxf8+ Nxf8 22.Qe2 Bc8
23.Nf1 Bg4 24.Qd2 Qg5 25.Bc2 h5 26.b3 Bf3 27.g3 Qf5 28.Bd1 Ne6 29.Bxf3 exf3
30.Rd1 Qh3 31.bxc4 dxc4 32.Qc2 Rf6 33.Rd2 Nc5 34.e4 Nd3 35.Rf2 Nxf2 36.Qxf2 Qg4
37.Nd2 h4 38.e5 Rf7 39.Kh1 h3 40.Qd4 Qxd4 41.cxd4 f2 42.Nf1 c3 43.e6 Rf6
44.d5 c2 45.e7 Kf7  0-1

[Event "36th Olympiad"]
[Site "Calvia ESP"]
[Date "2004.10.25"]
[Round "10"]
[White "Fernandes,An"]
[Black "Ahmed,Abdu"]
[Result "1-0"]
[WhiteElo "2431"]
[BlackElo "2270"]

1.d4 Nf6 2.Bg5 c5 3.Bxf6 gxf6 4.d5 f5 5.c3 d6 6.Nd2 Nd7 7.e4 Nf6 8.Qf3 fxe4
9.Nxe4 Nxe4 10.Qxe4 Qb6 11.O-O-O Qa5 12.Kb1 Bd7 13.Be2 Qa4 14.Qxa4 Bxa4 15.Re1 Bd7
16.Bd3 O-O-O 17.f4 e6 18.Nf3 h6 19.dxe6 fxe6 20.Nh4 Rg8 21.Ng6 Kc7 22.g4 Bg7
23.h4 Rde8 24.Rhf1 Kd8 25.Rf2 b5 26.Rfe2 a5 27.a3 Kc7 28.Kc1 Bf6 29.Rf1 Kd8
30.Kb1 d5 31.g5 Bg7 32.Kc1 c4 33.Bb1 Kc7 34.Ne5 Rgf8 35.Bg6 Re7 36.Ree1 Kd6
37.Kd2 Be8 38.Bc2 Rc7 39.Ng4 Rh8 40.f5 exf5 41.Bxf5 hxg5 42.hxg5 b4 43.axb4 axb4
44.Nf6 bxc3+ 45.bxc3 Rh2+ 46.Ke3 Bf7 47.Kf4 Rb7 48.Ng4 Rb3 49.g6 Be8 50.Rxe8 Bxc3
51.Rd8+ Kc5 52.Rg8 Kd4 53.Rd1+ Bd2+ 54.Rxd2+ Rxd2 55.g7  1-0

[Event "36th Olympiad"]
[Site "Calvia ESP"]
[Date "2004.10.26"]
[Round "11"]
[White "Mateo,Ra"]
[Black "Ker,A"]
[Result "1/2-1/2"]
[WhiteElo "2453"]
[BlackElo "2328"]

1.d4 Nf6 2.Bg5 c5 3.Bxf6 gxf6 4.d5 Qb6 5.Qc1 Bg7 6.Nf3 f5 7.c3 d6 8.Nbd2 Nd7
9.e4 Nf6 10.Bd3 fxe4 11.Nxe4 Nxd5 12.O-O h6 13.Ng3  1/2-1/2

[Event "36th Olympiad w"]
[Site "Calvia ESP"]
[Date "2004.10.26"]
[Round "11"]
[White "Eidelson,R"]
[Black "Hund,B"]
[Result "1-0"]
[WhiteElo "2268"]
[BlackElo "2240"]

1.d4 Nf6 2.Bg5 d5 3.Bxf6 exf6 4.e3 Bd6 5.g3 c6 6.Bg2 Qb6 7.Qc1 O-O 8.Nf3 Re8
9.O-O Qa6 10.b3 h6 11.c4 dxc4 12.bxc4 Bf5 13.c5 Bf8 14.Nc3 Nd7 15.Re1 Bh7
16.a4 b6 17.cxb6 axb6 18.Nd2 Rac8 19.Bh3 Rcd8 20.Qb2 Bd3 21.Qb3 f5 22.Bg2 Rc8
23.Nb5 Bxb5 24.axb5 Qxb5 25.Qc2 Qb4 26.Reb1 Qd6 27.Qxf5 g6 28.Qd3 c5 29.Ne4 Qe7
30.Ra7 f5 31.Nc3 c4 32.Bd5+ Kh8 33.Bxc4 Qd6 34.Bb5 Red8 35.Bxd7 Rxd7 36.Rxd7 Qxd7
37.Rxb6 Qa7 38.Rb3 Bg7 39.Ne2 Qa1+ 40.Rb1 Qa8 41.Nf4 Kh7 42.g4 Qf3 43.gxf5 Qg4+
44.Ng2 gxf5 45.Qd1 Qg6 46.Qf3 Rg8 47.Qg3 Qf7 48.Qf3 Qg6 49.Rc1 Bf6 50.Kf1 f4
51.exf4 Bxd4 52.Rd1 Bf6 53.Qd3 Rf8 54.Qxg6+ Kxg6 55.Ke2 Ra8 56.Kf3 Ra7 57.Ne3 Bg7
58.Rd5 Rb7 59.h4 Ra7 60.h5+ Kf7 61.Rb5 Bf8 62.Rb6 Ra5 63.Kg4 Ra2 64.f3 Ra1
65.Nc4 Bg7 66.Kf5 Rh1 67.Rb7+ Kg8 68.Ne5 Kh7 69.Ng4 Rxh5+ 70.Ke6 Ra5 71.Nf6+ Kg6
72.f5+ Kg5 73.Rxg7+ Kf4 74.Nd5+  1-0

[Event "36th Olympiad"]
[Site "Calvia ESP"]
[Date "2004.10.27"]
[Round "12"]
[White "Kanep,M"]
[Black "Ibarra Jerez,JC"]
[Result "1/2-1/2"]
[WhiteElo "2475"]
[BlackElo "2423"]

1.d4 Nf6 2.Bg5 c5 3.d5 Ne4 4.h4 g6 5.Qd3 Nxg5 6.hxg5 d6 7.Nd2 Bg7 8.f4 b5
9.Qxb5+ Nd7 10.Qd3 Rb8 11.Rb1 Qa5  1/2-1/2

[Event "World Seniors"]
[Site "Halle GER"]
[Date "2004.10.27"]
[Round "4"]
[White "Arnaudov,P1"]
[Black "Thieme,H"]
[Result "1-0"]
[WhiteElo "2227"]
[BlackElo "2111"]

1.d4 Nf6 2.Bg5 c5 3.d5 Qb6 4.Bc1 e6 5.c4 exd5 6.cxd5 d6 7.Nc3 g6 8.Nf3 Bg7
9.Nd2 O-O 10.g3 a6 11.Bg2 Qc7 12.a4 Nbd7 13.O-O Rb8 14.a5 Re8 15.h3 b5 16.axb6 Rxb6
17.Ra2 Rb4 18.b3 Ne5 19.e3 Bf5 20.Ba3 Rb7 21.e4 Bc8 22.Qe2 Ned7 23.Rd1 Nb8
24.Qd3 Bd7 25.Qc2 Bb5 26.Nc4 Nbd7 27.Bb2 Bxc4 28.bxc4 Rb4 29.Nb1 Qb7 30.Nd2 Nh5
31.Bxg7 Nxg7 32.f4 Rb8 33.Rda1 Rb6 34.Qc3 f6 35.Ra3 Ne8 36.h4 Ra8 37.Bh3 Ng7
38.Kf2 Kf7 39.R1a2 Rb8 40.g4 Rb2 41.Ke2 Rxa2 42.Rxa2 Ke7 43.g5 Nh5 44.gxf6+ Ndxf6
45.Qe3 Kf8 46.Be6 Ng7 47.Qc3 Qe7 48.Rxa6 Nxe6 49.dxe6 Qxe6 50.Qf3 Rb2 51.Ra8+ Kf7
52.Ra7+ Kf8 53.Kd1 Rb8 54.h5 Nxh5 55.Rxh7 Qf6 56.f5 Kg8 57.Rh6 Qd4 58.Ke2 Rb2
59.Rxg6+ Kf7 60.Qe3 Qxc4+ 61.Kf3 Qc1 62.Rxd6 Qh1+ 63.Kg4 Nf6+ 64.Rxf6+ Kxf6
65.Qg5+ Kf7 66.Qg6+ Ke7 67.Qe6+ Kd8 68.Qf6+ Kd7 69.Qxb2 Qg2+ 70.Kh5 Qh3+
71.Kg6 Qg4+ 72.Kf6 Qh4+ 73.Ke5 Qh8+ 74.f6 Qh5+ 75.Kf4 Qh2+ 76.Ke3 Qh3+ 77.Ke2 Qg4+
78.Kd3 Ke6 79.Qb6+ Kf7 80.Qd6 c4+ 81.Kc2 c3 82.Qd7+ Kg8 83.f7+ Kg7 84.f8=Q+ Kg6
85.Qdg7+ Kh5 86.Qfh8+  1-0

[Event "Open"]
[Site "Liberec CZE"]
[Date "2004.10.29"]
[Round "8"]
[White "Rynt,P"]
[Black "Peniska,P"]
[Result "0-1"]
[WhiteElo "2108"]
[BlackElo "2019"]

1.d4 Nf6 2.Bg5 c5 3.d5 Ne4 4.Bf4 Qb6 5.Qc1 d6 6.f3 Nf6 7.e4 e5 8.Be3 Be7
9.Ne2 O-O 10.Nec3 Ne8 11.Be2 f5 12.O-O f4 13.Bf2 g5 14.Nd2 Nd7 15.Nc4 Qd8
16.a3 a6 17.b4 b5 18.Na5 Ndf6 19.Nc6 Qc7 20.bxc5 dxc5 21.Nxe7+ Qxe7 22.Rd1 Qd6
23.Na2 Bd7 24.c4 Rc8 25.cxb5 axb5 26.Rb1 c4 27.Nc3 Nc7 28.Qb2 Ra8 29.a4 Rfb8
30.Qb4 Qxb4 31.Rxb4 Na6 32.Rxb5 Bxb5 33.axb5 Nb4 34.Bxc4 Rc8 35.Bf1 Rxc3
36.Be1 Rb3 37.Bc4 Rb2 38.d6+ Kg7 39.d7 Nxd7 40.Rxd7+ Kf8 41.Rd1 Ra3 42.Bf2 Rc3
43.Bf1 Nc2 44.b6 Ne3 45.Bxe3 fxe3 46.Be2 Rxb6 47.Kf1 Rb2 48.g4 Rd2 49.Ra1 Rcc2
50.Ra8+ Ke7 51.Ra7+ Kd6 52.Ra6+ Kc5 53.Ra5+ Kb6 54.Ra6+ Kb7  0-1

[Event "TCh-SWE Elitserien 2004-5"]
[Site "Skara SWE"]
[Date "2004.11.05"]
[Round "1"]
[White "Lindberg,Bo"]
[Black "Gustavsson,F"]
[Result "1-0"]
[WhiteElo "2326"]
[BlackElo "2093"]

1.d4 Nf6 2.Bg5 d5 3.e3 Nbd7 4.Nf3 c6 5.Nbd2 Qb6 6.Rb1 Ne4 7.Nxe4 dxe4 8.Nd2 Qa5
9.Bf4 f5 10.Bc4 e5 11.dxe5 Nxe5 12.b4 Qc7 13.Nxe4 Qe7 14.Bg5 Qc7 15.Qh5+ Ng6
16.Bf4 Qd8 17.Rd1 Bxb4+ 18.c3 Qb6 19.cxb4 fxe4 20.O-O Bd7 21.Rxd7 Kxd7 22.Qf5+ Ke8
23.Qf7+  1-0